| 000 | 00765cab a2200253 4500 | ||
|---|---|---|---|
| 001 | ABS50764 | ||
| 008 | 090401t1994 xxu||||| |||| 00| 0 eng d | ||
| 035 | _a(Sirsi) u38994 | ||
| 041 | _aeng | ||
| 100 | _aRobinson, P. | ||
| 245 | _aSheep annual premium quotas - the landowner`s perspective | ||
| 260 | _c1994 | ||
| 350 | _a0 | ||
| 490 |
_aALA Bulletin _v(12) March 1994, 2-5(4) |
||
| 520 | _aExplores the implications of the new producer-based quota system for landowners, rather than producers, claiming sheep annual premium. | ||
| 650 | _aACQUISITION | ||
| 650 | _aLIVESTOCK QUOTAS | ||
| 650 | _aSHEEP ANNUAL PREMIUMS | ||
| 650 | _aSHEEP QUOTAS | ||
| 650 | _aTRANSFER OF QUOTA | ||
| 690 | _aRURAL PRACTICE | ||
| 942 | _n0 | ||
| 948 | _c04/03/1997 | ||
| 999 |
_c24997 _d24997 |
||